Confederación y federación en la génesis del Estado Argentino (Registro nro. 6264)

Detalles MARC
000 -LEADER
fixed length control field 00937 a2200217 4500
001 - CONTROL NUMBER
control field 57752
005 - DATE AND TIME OF LATEST TRANSACTION
control field 20260407155837.0
008 - FIXED-LENGTH DATA ELEMENTS--GENERAL INFORMATION
fixed length control field 260407a2007 arg spa d
003 - CONTROL NUMBER IDENTIFIER
control field AR-UNSa-BCEJYS
040 ## - CATALOGING SOURCE
Original cataloging agency AR-UNSa-BCEJYS
Language of cataloging spa
Transcribing agency AR-UNSa-BCEJYS
080 ## - UNIVERSAL DECIMAL CLASSIFICATION NUMBER
Universal Decimal Classification number 34(093)
Common auxiliary subdivision Fuentes Históricas del Derecho
020 ## - INTERNATIONAL STANDARD BOOK NUMBER
International Standard Book Number 978-950-29-1018-5
041 ## - LANGUAGE CODE
Language code of text/sound track or separate title spa
100 1# - MAIN ENTRY--PERSONAL NAME
Personal name Levaggi, Abelardo
245 10 - TITLE STATEMENT
Title Confederación y federación en la génesis del Estado Argentino
264 #1 - PRODUCTION, PUBLICATION, DISTRIBUTION, MANUFACTURE, AND COPYRIGHT NOTICE
Place of production, publication, distribution, manufacture Buenos Aires :
Name of producer, publisher, distributor, manufacturer Universidad de Buenos Aires. Facultad de Derecho. Departamento de Publicaciones
Date of production, publication, distribution, manufacture, or copyright notice 2007
300 ## - PHYSICAL DESCRIPTION
Extent 228 p.
Dimensions 23 cm.
520 ## - SUMMARY, ETC.
Summary, etc. 1. Presupuestos del federalismo moderno - 2. Revolución de Mayo y derechos de las ciudades - 3. Paraguay y Banda Oriental - 4. Década de 1810 en las Provincias Unidas - 5. Década de 1820 - 6. Época de Rosas - 7. Organización constitucional
590 ## - LOCAL NOTE (RLIN)
Local note niveau_biblio:m niveau_hierar:0
942 ## - ADDED ENTRY ELEMENTS (KOHA)
Koha item type
Existencias
Withdrawn status Lost status Damaged status Not for loan Home library Current library Shelving location Date acquired Total checkouts Full call number Barcode Date last seen Price effective from Koha item type
        Biblioteca Prof. Eusebio Cleto del Rey Biblioteca Prof. Eusebio Cleto del Rey   07/04/2026   34(093) L655 L128851 07/04/2026 07/04/2026 Libro